000 00334nam a22001457a 4500
008 190129b xxu||||| |||| 00| 0 eng d
020 _a0893032476
041 _aeng
080 _a610.73
082 _24 th
_a610.73
100 _a1-2
101 _aINF
245 _aIntensive Coronary Care
_cMeltzer E.Lawrence
942 _2udc
_cBK
999 _c53863
_d53863